CyberGIS for geospatial discovery and innovation (Record no. 6625)

MARC details
000 -LEADER
fixed length control field 00892nam a22002657a 4500
003 - CONTROL NUMBER IDENTIFIER
control field OSt
005 - DATE AND TIME OF LATEST TRANSACTION
control field 20220107122855.0
008 - FIXED-LENGTH DATA ELEMENTS--GENERAL INFORMATION
fixed length control field 190924b xxu||||| |||| 00| 0 eng d
020 ## - INTERNATIONAL STANDARD BOOK NUMBER
International Standard Book Number 9789402415292
040 ## - CATALOGING SOURCE
Transcribing agency IIITMK
082 ## - DEWEY DECIMAL CLASSIFICATION NUMBER
Classification number 910.285 WAN/C
100 ## - MAIN ENTRY--PERSONAL NAME
Personal name Wang, Shaowen (Eds.)
9 (RLIN) 16851
245 ## - TITLE STATEMENT
Title CyberGIS for geospatial discovery and innovation
Statement of responsibility, etc. Shaowen Wang
260 ## - PUBLICATION, DISTRIBUTION, ETC.
Place of publication, distribution, etc. Netherland,
Name of publisher, distributor, etc. Springer,
Date of publication, distribution, etc. 2019.
300 ## - PHYSICAL DESCRIPTION
Extent viii, 298p.
440 ## - SERIES STATEMENT/ADDED ENTRY--TITLE
Title Springer Series in Geojournal library,
9 (RLIN) 16852
Volume/sequential designation 118
650 ## - SUBJECT ADDED ENTRY--TOPICAL TERM
Topical term or geographic name entry element GIS
9 (RLIN) 17300
650 ## - SUBJECT ADDED ENTRY--TOPICAL TERM
Topical term or geographic name entry element GEOGRAPHIC INFORMATION SYSTEM
9 (RLIN) 17301
650 ## - SUBJECT ADDED ENTRY--TOPICAL TERM
Topical term or geographic name entry element GEOSPATIAL DATA SCIENCE
9 (RLIN) 17302
650 ## - SUBJECT ADDED ENTRY--TOPICAL TERM
Topical term or geographic name entry element CYBER GIS
9 (RLIN) 17303
650 ## - SUBJECT ADDED ENTRY--TOPICAL TERM
Topical term or geographic name entry element GEOSPATIAL DISCOVERY AND INNOVATION
9 (RLIN) 17304
700 ## - ADDED ENTRY--PERSONAL NAME
Personal name Goodchild, Michael F
9 (RLIN) 16853
856 ## - ELECTRONIC LOCATION AND ACCESS
Uniform Resource Identifier <a href="https://www.pdfdrive.com/cybergis-for-geospatial-discovery-and-innovation-e188449731.html">https://www.pdfdrive.com/cybergis-for-geospatial-discovery-and-innovation-e188449731.html</a>
942 ## - ADDED ENTRY ELEMENTS (KOHA)
Source of classification or shelving scheme Dewey Decimal Classification
Koha item type Books
Holdings
Withdrawn status Lost status Source of classification or shelving scheme Damaged status Not for loan Collection code Home library Current library Shelving location Date acquired Cost, normal purchase price Total Checkouts Full call number Barcode Date last seen Price effective from Koha item type
    Dewey Decimal Classification     Geographical Information Systems/ Spatial Data Analysis Kerala University of Digital Sciences, Innovation and Technology Knowledge Centre Kerala University of Digital Sciences, Innovation and Technology Knowledge Centre GIS(Geographical Information System) 24/09/2019 7868.00   910.285 WAN/C 5547 03/12/2020 24/09/2019 Books